[Event "Thanet op 50th"]
[Site "Thanet"]
[Date "2019.08.16"]
[Round "1.1"]
[White "Taylor, Martin R"]
[Black "Faldon, David J"]
[Result "1-0"]
[WhiteElo "2345"]
[BlackElo "1904"]
[PlyCount "87"]
[EventDate "2019.08.16"]
[EventType "swiss"]
[EventRounds "5"]
[EventCountry "ENG"]
[SourceTitle "BritBase"]
[Source "John Saunders"]
[SourceDate "2020.02.25"]
[SourceVersion "1"]
[SourceVersionDate "2019.08.17"]
[SourceQuality "1"]

1. d4 d5 2. c4 dxc4 3. e3 e5 4. Bxc4 Nc6 5. d5 Na5 6. Qa4+ c6 7. dxc6 Nxc6 8.
Nf3 Bb4+ 9. Bd2 Bxd2+ 10. Nbxd2 Qe7 11. Bb5 Bd7 12. Rc1 Nf6 13. Bxc6 bxc6 14.
Nc4 e4 15. Nfe5 O-O 16. O-O Rfc8 17. Nxd7 Nxd7 18. Rfd1 Nc5 19. Qa3 Kf8 20. Nd6
Nd3 21. Nxc8 Qxa3 22. bxa3 Rxc8 23. Rc3 Ke7 24. Rb1 Rc7 25. f3 c5 26. fxe4 c4
27. Rb5 Kd6 28. Kf1 Ne5 29. Ke2 f6 30. a4 Kc6 31. Rxe5 fxe5 32. Rxc4+ Kb6 33.
Rxc7 Kxc7 34. Kd3 Kc6 35. Kc4 h5 36. Kb4 Kb6 37. a5+ Kc6 38. a6 h4 39. Kc4 g6
40. g4 h3 41. g5 Kd6 42. Kb5 Ke6 43. Kc6 Ke7 44. Kd5 1-0

[Event "Thanet op 50th"]
[Site "Thanet"]
[Date "2019.08.16"]
[Round "1.2"]
[White "Woolacott, Samuel"]
[Black "Anderson, John"]
[Result "0-1"]
[WhiteElo "1903"]
[BlackElo "2163"]
[PlyCount "41"]
[EventDate "2019.08.16"]
[EventType "swiss"]
[EventRounds "5"]
[EventCountry "ENG"]
[SourceTitle "BritBase"]
[Source "John Saunders"]
[SourceDate "2020.02.25"]
[SourceVersion "1"]
[SourceVersionDate "2019.08.17"]
[SourceQuality "1"]

{[%evp 0,41,16,16,60,8,20,19,46,32,29,29,16,1,1,-16,-16,-12,1,-18,-26,-27,-24,
-35,-20,-12,-56,-89,-94,-75,-65,-24,-177,-234,-205,-200,-200,-277,-302,-324,
-333,-329,-330,-403]} 1. Nf3 c5 2. c4 Nc6 3. Nc3 g6 4. d4 cxd4 5. Nxd4 Bg7 6.
e3 Nf6 7. b3 O-O 8. Bb2 Nxd4 9. exd4 d5 10. c5 b6 11. b4 bxc5 12. bxc5 Rb8 13.
Rb1 Qa5 14. Qd2 Re8 15. f4 Bf5 16. Bd3 Bxd3 17. Qxd3 Ne4 18. O-O Rxb2 19. Rxb2
Qxc3 20. Qxc3 Nxc3 21. Rd2 0-1

[Event "Thanet op 50th"]
[Site "Thanet"]
[Date "2019.08.16"]
[Round "1.3"]
[White "Watson, Mikey J"]
[Black "Gray, Edward"]
[Result "1/2-1/2"]
[WhiteElo "1973"]
[BlackElo "1757"]
[PlyCount "130"]
[EventDate "2019.08.16"]
[EventType "swiss"]
[EventRounds "5"]
[EventCountry "ENG"]
[SourceTitle "BritBase"]
[Source "John Saunders"]
[SourceDate "2020.02.25"]
[SourceVersion "1"]
[SourceVersionDate "2019.08.17"]
[SourceQuality "1"]

{[%evp 0,130,16,40,55,19,54,13,7,7,33,13,28,23,27,19,25,18,34,39,42,4,13,37,37,
23,69,44,27,31,30,19,17,39,44,15,15,15,23,25,21,-19,-8,-15,-19,-19,-8,-19,0,12,
-19,-9,-12,-2,0,0,-1,-26,0,-20,1,0,6,-23,16,4,-1,-6,26,31,59,30,26,20,27,30,26,
30,22,40,35,0,55,100,85,5,121,36,58,0,37,3,414,9,139,129,142,118,122,118,274,
360,360,124,117,157,144,113,117,117,117,20,43,47,128,85,121,138,214,0,0,0,0,0,
193,0,193,0,0,0,0,0,0]} 1. Nf3 c5 2. c4 g6 3. g3 Bg7 4. Bg2 Nf6 5. O-O O-O 6.
d4 cxd4 7. Nxd4 Nc6 8. Nc3 Nxd4 9. Qxd4 d6 10. Qd2 Rb8 11. b3 Be6 12. Bb2 a6
13. Rfd1 b5 14. cxb5 axb5 15. Rac1 Qb6 16. e4 Ng4 17. Nd5 Bxd5 18. Bxg7 Kxg7
19. exd5 Ra8 20. Qd4+ Qxd4 21. Rxd4 h5 22. a4 bxa4 23. bxa4 Ra7 24. Bf1 Ne5 25.
Kg2 Nd7 26. Bb5 Nc5 27. Rb4 Rb8 28. Rcb1 Ra5 29. f4 Rc8 30. Kf3 Na6 31. Re4
Rc3+ 32. Re3 Rc7 {(=)} 33. Bc6 Nc5 34. Rb5 Rca7 35. Rxa5 Rxa5 36. Ra3 e6 37.
dxe6 fxe6 38. Ke3 Kf6 39. Kd4 g5 40. Kc4 Kf5 41. Kb4 Ra7 42. Rf3 Rc7 43. Bb5
Kg4 44. Rf2 Rf7 45. Be2+ Kf5 46. a5 Ke4 47. Bxh5 Nd3+ 48. Ka4 Rg7 49. Rf1 Nxf4
50. Bf3+ Ke3 51. a6 Nd3 52. Kb5 Nc5 53. Bh1 Rh7 54. Rf3+ Kd4 55. h3 Ra7 56. Ra3
Rxa6 57. Rxa6 Nxa6 58. Kxa6 Ke5 59. h4 gxh4 60. gxh4 Kf6 61. Kb6 Kg6 62. Bf3
Kh7 63. Kc6 Kh8 64. Kxd6 Kg8 65. Kxe6 Kh8 1/2-1/2

[Event "Thanet op 50th"]
[Site "Thanet"]
[Date "2019.08.16"]
[Round "1.4"]
[White "Gregory, Philip J"]
[Black "Bennett, John M"]
[Result "1/2-1/2"]
[WhiteElo "2028"]
[BlackElo "1995"]
[PlyCount "58"]
[EventDate "2019.08.16"]
[EventType "swiss"]
[EventRounds "5"]
[EventCountry "ENG"]
[SourceTitle "BritBase"]
[Source "John Saunders"]
[SourceDate "2020.02.25"]
[SourceVersion "1"]
[SourceVersionDate "2019.08.17"]
[SourceQuality "1"]

1. e4 d6 2. d4 g6 3. c4 Bg7 4. Nc3 Nf6 5. Be2 O-O 6. Bg5 Na6 7. Qd2 e5 8. Nf3
exd4 9. Nxd4 c6 10. O-O Re8 11. f3 Nc5 12. Rad1 Ne6 13. Nxe6 Bxe6 14. Qxd6 Qa5
15. Qd2 Rad8 16. Qc1 Rxd1 17. Rxd1 Bxc4 18. Bxc4 Qc5+ 19. Be3 Qxc4 20. Bxa7 b5
21. b3 Qe6 22. Qd2 Nh5 23. Ne2 f5 24. Nf4 Qe7 25. Be3 Nxf4 26. Bxf4 fxe4 27.
fxe4 Qxe4 28. Bg3 h5 29. Re1 Qd4+ 1/2-1/2

[Event "Thanet op 50th"]
[Site "Thanet"]
[Date "2019.08.16"]
[Round "1.5"]
[White "Richmond, Jane"]
[Black "Kaya, Batuhan"]
[Result "1-0"]
[WhiteElo "2069"]
[BlackElo "1584"]
[PlyCount "83"]
[EventDate "2019.08.16"]
[EventType "swiss"]
[EventRounds "5"]
[EventCountry "ENG"]
[SourceTitle "BritBase"]
[Source "John Saunders"]
[SourceDate "2020.02.25"]
[SourceVersion "1"]
[SourceVersionDate "2019.08.17"]
[SourceQuality "1"]

1. e4 e5 2. Nf3 Nc6 3. Bb5 a6 4. Ba4 Nf6 5. O-O b5 6. Bb3 Bc5 7. c3 d6 8. Qe2
Bg4 9. h3 Bh5 10. a4 b4 11. a5 O-O 12. d3 h6 13. Nbd2 Nh7 14. Bd5 Qe8 15. g4
Bg6 16. Nh4 Kh8 17. Ndf3 Rb8 18. Kg2 Ne7 19. Bc4 bxc3 20. bxc3 Qc6 21. d4 exd4
22. cxd4 Bb4 23. d5 Qd7 24. Bxa6 Rfe8 25. Nxg6+ Nxg6 26. g5 Bc3 27. Ra2 f5 28.
Qc4 fxe4 29. Qxc3 exf3+ 30. Kh2 hxg5 31. Qxf3 Nh4 32. Qg4 Qxg4 33. hxg4 Nf6 34.
f3 Rb3 35. Be2 Rxe2+ 36. Rxe2 Nxf3+ 37. Kh1 Nh4 38. Bxg5 Nxg4 39. Bxh4 Rh3+ 40.
Kg1 Rxh4 41. Re4 Kg8 42. Rff4 1-0

[Event "Thanet op 50th"]
[Site "Thanet"]
[Date "2019.08.16"]
[Round "1.6"]
[White "Britnell, Jonathan"]
[Black "Jermy, Jaden"]
[Result "1/2-1/2"]
[WhiteElo "1590"]
[BlackElo "1622"]
[PlyCount "84"]
[EventDate "2019.08.16"]
[EventType "swiss"]
[EventRounds "5"]
[EventCountry "ENG"]
[SourceTitle "BritBase"]
[Source "John Saunders"]
[SourceDate "2020.02.25"]
[SourceVersion "1"]
[SourceVersionDate "2019.08.17"]
[SourceQuality "1"]

1. e4 c5 2. Nf3 e6 3. d4 cxd4 4. Nxd4 a6 5. Bd3 Nc6 6. Nb3 Nf6 7. O-O Be7 8.
Qe2 Qc7 9. Nc3 b5 10. a3 Bb7 11. f4 d6 12. Kh1 h5 13. Be3 h4 14. Kg1 h3 15. g3
Na5 16. Nxa5 Qxa5 17. Bd4 b4 18. axb4 Qh5 19. Bxf6 Bxf6 20. Qxh5 Bd4+ 21. Kh1
Rxh5 22. Be2 Rh6 23. Bf3 Rc8 24. b5 a5 25. Rxa5 Bxc3 26. bxc3 Rxc3 27. Kg1 Kd7
28. Rf2 Kc7 29. Ra4 Kb6 30. Rb4 Rh8 31. Rd4 Rd8 32. Rd3 Rc4 33. Rfd2 Kc5 34. e5
d5 35. Bg4 Ra8 36. Bxh3 Ra2 37. Bf1 Rcxc2 38. Rxc2+ Rxc2 39. Ra3 d4 40. Ra7 Kb6
41. Ra4 Rd2 42. h4 Kc5 1/2-1/2

[Event "Thanet op 50th"]
[Site "Thanet"]
[Date "2019.08.16"]
[Round "1.7"]
[White "Botley, Gordon"]
[Black "Moyse, Nigel John"]
[Result "0-1"]
[WhiteElo "2150"]
[BlackElo "2055"]
[PlyCount "58"]
[EventDate "2019.08.16"]
[EventType "swiss"]
[EventRounds "5"]
[EventCountry "ENG"]
[SourceTitle "BritBase"]
[Source "John Saunders"]
[SourceDate "2020.02.25"]
[SourceVersion "1"]
[SourceVersionDate "2019.08.17"]
[SourceQuality "1"]

1. d4 Nf6 2. c4 g6 3. Nc3 Bg7 4. Nf3 d6 5. g3 O-O 6. Bg2 Nbd7 7. O-O Re8 8. e4
e5 9. h3 exd4 10. Nxd4 Nc5 11. Re1 a5 12. Nb3 Nfd7 13. Qc2 a4 14. Nxc5 Nxc5 15.
Be3 Be6 16. Nb5 Bd7 17. Nd4 a3 18. b3 Qe7 19. Rad1 Nxe4 20. Bc1 f5 21. f3 Bxd4+
22. Rxd4 Qf6 23. Rdxe4 fxe4 24. fxe4 Bc6 25. Kh2 Rf8 26. b4 Qd4 27. Rd1 Rf2 28.
Qb3 Rxg2+ 29. Kxg2 Qxe4+ 0-1

[Event "Thanet op 50th"]
[Site "Thanet"]
[Date "2019.08.16"]
[Round "1.8"]
[White "Bourne, Johnathan"]
[Black "Mulay, Partha"]
[Result "0-1"]
[WhiteElo "1906"]
[BlackElo "1843"]
[PlyCount "88"]
[EventDate "2019.08.16"]
[EventType "swiss"]
[EventRounds "5"]
[EventCountry "ENG"]
[SourceTitle "BritBase"]
[Source "John Saunders"]
[SourceDate "2020.02.25"]
[SourceVersion "1"]
[SourceVersionDate "2019.08.17"]
[SourceQuality "1"]

1. d4 Nf6 2. Bf4 g6 3. Nc3 d5 4. e3 Bg7 5. h4 c6 6. h5 Nxh5 7. Rxh5 gxh5 8.
Qxh5 Nd7 9. Nf3 Nf6 10. Qh2 Bf5 11. Bc7 Qd7 12. O-O-O Bg6 13. Be5 Ng4 14. Qg3
Nxe5 15. Nxe5 Qc7 16. f4 Bxe5 17. dxe5 O-O-O 18. Qf3 e6 19. g3 a6 20. Bh3 Kb8
21. Qf2 h5 22. Kb1 Rhe8 23. Bf1 c5 24. a4 Qb6 25. Bd3 Qb4 26. Bxg6 fxg6 27. Qf3
Rc8 28. g4 Rc6 29. Na2 Qxa4 30. gxh5 gxh5 31. Qxh5 Rg8 32. Qf3 Rb6 33. f5 Qb5
34. b3 c4 35. Nc1 cxb3 36. Nxb3 Rc8 37. e4 dxe4 38. Qxe4 exf5 39. Qxf5 Qe2 40.
Rc1 Rc3 41. Qf8+ Ka7 42. Qa3 Qxe5 43. Qb2 Qe3 44. Ka2 Rbxb3 0-1

[Event "Thanet op 50th"]
[Site "Thanet"]
[Date "2019.08.17"]
[Round "2.1"]
[White "Mulay, Partha"]
[Black "Taylor, Martin R"]
[Result "0-1"]
[WhiteElo "1843"]
[BlackElo "2345"]
[PlyCount "112"]
[EventDate "2019.08.16"]
[EventType "swiss"]
[EventRounds "5"]
[EventCountry "ENG"]
[SourceTitle "BritBase"]
[Source "John Saunders"]
[SourceDate "2020.02.25"]
[SourceVersion "1"]
[SourceVersionDate "2019.08.17"]
[SourceQuality "1"]

1. e4 Nf6 2. e5 Nd5 3. Nc3 Nxc3 4. bxc3 d6 5. f4 g6 6. Nf3 Bg7 7. d4 O-O 8. Be2
c5 9. O-O dxe5 10. fxe5 Nc6 11. Be3 Qa5 12. Qd2 cxd4 13. cxd4 Qxd2 14. Bxd2 Rd8
15. c3 Be6 16. Be3 Na5 17. Nd2 Rac8 18. Rfc1 Nc4 19. Nxc4 Bxc4 20. Bf3 b6 21.
a4 f6 22. exf6 Bxf6 23. a5 b5 24. a6 Bd5 25. Bg4 Rc7 26. Rab1 Bc4 27. Bf3 Rdd7
28. Bf4 Rc8 29. Bb7 Rf8 30. Bh6 Bg7 31. Bxg7 Kxg7 32. Re1 Rf6 33. Re5 b4 34.
cxb4 Bxa6 35. Bxa6 Rxa6 36. Rbe1 Kf7 37. b5 Rad6 38. Rf1+ Ke8 39. Rc5 Rxd4 40.
Rc8+ Rd8 41. Rc7 R4d7 42. Rfc1 Rb8 43. Rc8+ Rd8 44. R8c7 Rd7 45. Rc8+ Rxc8 46.
Rxc8+ Kf7 47. Rc2 Rb7 48. Ra2 Ke6 49. Kf2 Kd5 50. Ke3 Kc4 51. Ke4 Kxb5 52. Kd5
a5 53. g4 Rd7+ 54. Ke6 Ra7 55. Kd5 Kb4 56. Kd4 Rd7+ 0-1

[Event "Thanet op 50th"]
[Site "Thanet"]
[Date "2019.08.17"]
[Round "2.2"]
[White "Anderson, John"]
[Black "Bayford, Jim"]
[Result "1-0"]
[WhiteElo "2163"]
[BlackElo "2023"]
[PlyCount "235"]
[EventDate "2019.08.16"]
[EventType "swiss"]
[EventRounds "5"]
[EventCountry "ENG"]
[SourceTitle "BritBase"]
[Source "John Saunders"]
[SourceDate "2020.02.25"]
[SourceVersion "1"]
[SourceVersionDate "2019.08.17"]
[SourceQuality "1"]

{[%evp 0,209,29,11,37,22,52,30,49,35,45,22,29,29,38,21,47,11,46,56,56,42,129,
67,139,12,95,98,99,69,70,75,86,107,107,71,113,113,227,227,122,122,124,60,31,19,
19,-630,31,115,99,119,128,83,114,78,78,67,126,71,77,51,42,36,36,31,50,38,86,53,
23,0,19,0,148,93,116,178,178,178,178,178,178,178,178,178,178,159,159,161,165,
165,167,185,185,185,189,189,189,189,189,174,205,189,205,189,237,179,237,179,
237,141,146,142,137,137,202,245,307,308,320,339,370,370,370,317,371,390,870,
334,642,330,488,380,336,207,207,337,294,325,329,43,116,43,37,0,334,326,367,367,
367,327,367,367,367,367,367,367,367,348,367,367,367,324,587,577,587,587,587,
587,617,617,617,617,617,617,647,617,617,607,617,617,617,607,617,617,617,617,
617,637,637,647,647,647,29917,647,647,657,29955,657,657,29300,29949,657,657,
647,647,647,29933,29934,29941,647]} 1. e4 e6 2. d4 d5 3. Nc3 Bb4 4. e5 c5 5. a3
Bxc3+ 6. bxc3 Ne7 7. Qg4 Qc7 8. Qxg7 Rg8 9. Qxh7 cxd4 10. Ne2 Bd7 11. Rb1 Nbc6
12. h4 O-O-O 13. Bg5 dxc3 14. Rh3 d4 15. Qe4 Be8 16. f4 Rd5 17. Bf6 Nf5 18. h5
Na5 19. h6 Nxh6 20. Rxh6 d3 21. cxd3 c2 22. Rc1 Nb3 23. Qc4 Nxc1 24. Qxc7+ Kxc7
25. Nxc1 Bc6 26. Rh7 Rd7 27. Bg5 Kb6 28. Kd2 Rc8 29. Bh4 Be4 30. Bf2+ Ka5 31.
Rh3 Ka4 {(=)} 32. Bxa7 b5 33. Bf2 Bf5 34. Rg3 Kxa3 35. d4+ Ka4 36. Rb3 Rd5 37.
Be2 Be4 38. Ke3 Bxg2 39. Be1 Rh8 40. Rb4+ Ka3 41. Rb3+ Ka4 42. Rb4+ Ka3 43.
Bxb5 Rh3+ 44. Kf2 Be4 45. Bc6 Rxd4 46. Rxd4 Bxc6 47. Rd3+ Rxd3 48. Nxd3 Be4 49.
Nc1 Kb2 50. Bd2 Bf5 51. Ke3 Bg6 52. Kd4 Bh5 53. Kc5 Ka3 54. Kd6 Ka4 55. Nd3 Kb5
56. Nc5 Kc4 57. Bc1 Bg4 58. Ne4 Kd4 59. Ng5 Bh5 60. Ke7 Kd5 61. Nxf7 Bg4 62.
Nd6 Bh3 63. Ne8 Kc5 64. Kf6 Bg4 65. Nd6 Kd5 66. Bb2 Bh3 67. f5 exf5 68. Nxf5
Ke4 69. Nd6+ Kd5 70. Nb5 Kc4 71. Na3+ Kd3 72. e6 Kd2 73. Nc4+ Kd1 74. Ne3+ Kd2
75. Nc4+ Kd1 76. Ne3+ Kd2 77. Nf5 Bf1 78. Nd4 Bh3 79. Nb3+ Ke3 80. e7 Bd7 81.
Kf7 Kf4 82. e8=Q Bxe8+ 83. Kxe8 Ke4 84. Kd7 Kd3 85. Nc1+ Kc4 86. Kc6 Kb4 87.
Kd5 Kb5 88. Kd4 Kc6 89. Kd3 Kd5 90. Kxc2 Ke4 91. Kd2 Kd5 92. Kd3 Kc5 93. Nb3+
Kb4 94. Nd4 Kc5 95. Ke4 Kc4 96. Ne6 Kb3 97. Be5 Kc4 98. Bd4 Kb4 99. Kd3 Kb5
100. Nd8 Kb4 101. Ba7 Kb5 102. Kd4 Ka6 103. Bc5 Kb5 104. Kd5 Ka6 105. Nc6 Kb5
106. Nb4 Ka5 107. Kc4 Ka4 108. Bb6 Ka3 109. Nd3 Ka4 110. Nb2+ Ka3 111. Kc3 Ka2
112. Kc2 Ka3 113. Bc5+ Ka2 114. Nd3 Ka1 115. Ba3 Ka2 116. Bc1 Ka1 117. Bb2+ Ka2
118. Nc1# 1-0

[Event "Thanet op 50th"]
[Site "Thanet"]
[Date "2019.08.17"]
[Round "2.3"]
[White "Moyse, Nigel John"]
[Black "Richmond, Jane"]
[Result "0-1"]
[WhiteElo "2055"]
[BlackElo "2069"]
[PlyCount "86"]
[EventDate "2019.08.16"]
[EventType "swiss"]
[EventRounds "5"]
[EventCountry "ENG"]
[SourceTitle "BritBase"]
[Source "John Saunders"]
[SourceDate "2020.02.25"]
[SourceVersion "1"]
[SourceVersionDate "2019.08.17"]
[SourceQuality "1"]

1. d4 Nf6 2. Nf3 e6 3. Bf4 b5 4. a4 b4 5. c4 Bb7 6. e3 c5 7. Nbd2 Na6 8. Bd3
Be7 9. h3 d6 10. Qc2 Rc8 11. O-O h6 12. Bh2 O-O 13. Rad1 Qb6 14. b3 Rfd8 15.
Rfe1 Nb8 16. dxc5 Qxc5 17. e4 Nc6 18. Bf4 Qa5 19. Nf1 Nd7 20. Qb1 Nde5 21. Be2
Bf6 22. Ng3 Nxf3+ 23. Bxf3 Nd4 24. Bg4 Be5 25. Bxe5 dxe5 26. Rd3 Rc6 27. Red1
Rcd6 28. Kh1 Qc5 29. Qb2 f5 30. exf5 e4 31. Rxd4 Rxd4 32. Rxd4 Qxd4 33. Qxd4
Rxd4 34. fxe6 g6 35. Ne2 Rd2 36. Kg1 h5 37. e7 Kf7 38. Be6+ Kxe7 39. Nf4 g5 40.
Bd5 gxf4 41. Bxb7 e3 42. fxe3 fxe3 43. c5 Rd1+ 0-1

[Event "Thanet op 50th"]
[Site "Thanet"]
[Date "2019.08.17"]
[Round "2.4"]
[White "Gray, Edward"]
[Black "Merry, Alan B"]
[Result "0-1"]
[WhiteElo "1757"]
[BlackElo "2427"]
[PlyCount "62"]
[EventDate "2019.08.16"]
[EventType "swiss"]
[EventRounds "5"]
[EventCountry "ENG"]
[SourceTitle "BritBase"]
[Source "John Saunders"]
[SourceDate "2020.02.25"]
[SourceVersion "1"]
[SourceVersionDate "2019.08.17"]
[SourceQuality "1"]

1. e4 d5 2. exd5 Qxd5 3. Nc3 Qa5 4. d4 Nf6 5. Bc4 Bg4 6. Nf3 Qf5 7. Bd3 Bxf3 8.
Bxf5 Bxd1 9. Bc8 Nbd7 10. Bxd7+ Nxd7 11. Kxd1 c6 12. Ke2 Nf6 13. Be3 e6 14. f3
Be7 15. Ne4 Nd5 16. Bd2 Rd8 17. c3 O-O 18. h4 Rfe8 19. g4 f5 20. Nf2 Bd6 21.
Nd3 e5 22. dxe5 Bxe5 23. Nxe5 Rxe5+ 24. Kf2 fxg4 25. fxg4 Rf8+ 26. Kg3 Nf6 27.
Bf4 Re2 28. Rhf1 Rxb2 29. Rae1 Rxa2 30. Re7 Nd5 31. Rxb7 Ra4 0-1

[Event "Thanet op 50th"]
[Site "Thanet"]
[Date "2019.08.17"]
[Round "2.5"]
[White "Borland, Scott"]
[Black "Watson, Mikey J"]
[Result "1/2-1/2"]
[WhiteElo "1782"]
[BlackElo "1973"]
[PlyCount "55"]
[EventDate "2019.08.16"]
[EventType "swiss"]
[EventRounds "5"]
[EventCountry "ENG"]
[SourceTitle "BritBase"]
[Source "John Saunders"]
[SourceDate "2020.02.25"]
[SourceVersion "1"]
[SourceVersionDate "2019.08.17"]
[SourceQuality "1"]

1. d4 d5 2. c4 c6 3. Nc3 Nf6 4. Nf3 Bf5 5. Qb3 Bc8 6. cxd5 cxd5 7. Bg5 e6 8. e3
Be7 9. Bd3 Nc6 10. O-O O-O 11. Rac1 Nd7 12. h4 f5 13. Ne2 Nf6 14. Bb5 Na5 15.
Qc2 a6 16. Bd3 Nc6 17. a3 Ne4 18. Bxe7 Qxe7 19. Qb3 Bd7 20. Qxb7 Rfb8 21. Qc7
Ra7 22. Qf4 Rxb2 23. Ne5 Nxe5 24. Qxe5 Qd6 25. Bxe4 Qxe5 26. dxe5 fxe4 27. Nd4
Rab7 28. Rc3 1/2-1/2

[Event "Thanet op 50th"]
[Site "Thanet"]
[Date "2019.08.17"]
[Round "2.6"]
[White "Bennett, John M"]
[Black "Britnell, Jonathan"]
[Result "1/2-1/2"]
[WhiteElo "1995"]
[BlackElo "1590"]
[PlyCount "51"]
[EventDate "2019.08.16"]
[EventType "swiss"]
[EventRounds "5"]
[EventCountry "ENG"]
[SourceTitle "BritBase"]
[Source "John Saunders"]
[SourceDate "2020.02.25"]
[SourceVersion "1"]
[SourceVersionDate "2019.08.17"]
[SourceQuality "1"]

1. d4 f5 2. Bg5 h6 3. Bh4 g5 4. e4 Bg7 5. Bg3 f4 6. Bxf4 gxf4 7. Qh5+ Kf8 8.
Qf5+ Nf6 9. e5 d6 10. Qxf4 Nc6 11. exf6 Bxf6 12. Nf3 Be6 13. Nc3 Bf7 14. d5 Ne5
15. Be2 c6 16. dxc6 bxc6 17. O-O Rb8 18. Nxe5 Bxe5 19. Qf5 Rxb2 20. Bh5 Qe8 21.
Qf3 Rxc2 22. Rac1 Rxc3 23. Rxc3 Bxc3 24. Qxc3 Rg8 25. Qf3 Rg5 26. Bxf7 1/2-1/2

[Event "Thanet op 50th"]
[Site "Thanet"]
[Date "2019.08.17"]
[Round "2.7"]
[White "Jermy, Jaden"]
[Black "Gregory, Philip J"]
[Result "0-1"]
[WhiteElo "1622"]
[BlackElo "2028"]
[PlyCount "86"]
[EventDate "2019.08.16"]
[EventType "swiss"]
[EventRounds "5"]
[EventCountry "ENG"]
[SourceTitle "BritBase"]
[Source "John Saunders"]
[SourceDate "2020.02.25"]
[SourceVersion "1"]
[SourceVersionDate "2019.08.17"]
[SourceQuality "1"]

{[%evp 0,86,16,28,26,22,32,7,24,5,43,45,48,43,90,22,22,21,22,14,9,-10,36,-8,
-12,-39,-27,-27,-31,-31,-27,-33,-32,-53,24,29,33,23,31,28,96,21,-1,-20,-1,-10,
1,-1,-10,-18,2,-6,3,-18,-6,-18,-4,0,0,3,6,0,16,10,10,11,14,10,30,20,23,31,45,
21,24,11,11,11,11,-74,-74,-59,-57,-67,-83,-83,-117,-296,-342]} 1. d4 d5 2. Bf4
Nf6 3. e3 e6 4. Nd2 c5 5. c3 Nbd7 6. Ngf3 b6 7. Bd3 Bb7 8. O-O Be7 9. h3 O-O
10. Ne5 Ne4 11. Bh2 Nxe5 12. dxe5 Nxd2 13. Qxd2 f5 14. exf6 Bxf6 15. Qc2 g6 16.
e4 dxe4 17. Bxe4 Bxe4 18. Qxe4 Qd5 19. Rfe1 Kf7 20. Rad1 Qxe4 21. Rxe4 Rad8 22.
Ree1 Rfe8 23. Rxd8 Rxd8 24. Bf4 Rd7 25. Kf1 h5 26. Ke2 e5 27. Bc1 c4 28. Kf3
Ke6 29. Ke4 Rd5 30. Re2 b5 31. Rd2 Rxd2 32. Bxd2 Be7 33. Be3 a6 34. Bb6 Bd6 35.
f3 Bb8 36. g4 Bd6 37. Bf2 Bc7 38. Bg3 Bb8 39. b3 cxb3 40. axb3 a5 41. c4 bxc4
42. bxc4 a4 43. Kd3 e4+ 0-1

[Event "Thanet op 50th"]
[Site "Thanet"]
[Date "2019.08.17"]
[Round "2.8"]
[White "Kaya, Batuhan"]
[Black "Botley, Gordon"]
[Result "1/2-1/2"]
[WhiteElo "1584"]
[BlackElo "2150"]
[PlyCount "52"]
[EventDate "2019.08.16"]
[EventType "swiss"]
[EventRounds "5"]
[EventCountry "ENG"]
[SourceTitle "BritBase"]
[Source "John Saunders"]
[SourceDate "2020.02.25"]
[SourceVersion "1"]
[SourceVersionDate "2019.08.17"]
[SourceQuality "1"]

1. e4 c5 2. c3 d5 3. exd5 Qxd5 4. d4 e6 5. Nf3 Nc6 6. Be2 cxd4 7. cxd4 Nf6 8.
Nc3 Qd6 9. O-O Be7 10. Bg5 O-O 11. Bh4 a6 12. Qd2 b5 13. Bg3 Qd7 14. Rfd1 Rd8
15. a3 Bb7 16. Qc2 Rac8 17. Rd2 Qe8 18. Rad1 Na5 19. Qb1 Nc4 20. Rd3 Ne4 21.
Qa1 Bf6 22. Be5 Nxc3 23. Rxc3 Nxe5 24. Nxe5 Rxc3 25. bxc3 Bxe5 26. dxe5 Rxd1+
1/2-1/2

[Event "Thanet op 50th"]
[Site "Thanet"]
[Date "2019.08.17"]
[Round "2.9"]
[White "Faldon, David J"]
[Black "Bourne, Johnathan"]
[Result "1/2-1/2"]
[WhiteElo "1904"]
[BlackElo "1906"]
[PlyCount "102"]
[EventDate "2019.08.16"]
[EventType "swiss"]
[EventRounds "5"]
[EventCountry "ENG"]
[SourceTitle "BritBase"]
[Source "John Saunders"]
[SourceDate "2020.02.25"]
[SourceVersion "1"]
[SourceVersionDate "2019.08.17"]
[SourceQuality "1"]

1. c4 Nf6 2. Nc3 g6 3. d4 Bg7 4. e4 d6 5. Be2 O-O 6. Nf3 Na6 7. O-O e5 8. dxe5
dxe5 9. Bg5 h6 10. Bh4 Qe8 11. Qc2 c6 12. Rab1 Bg4 13. b4 Bxf3 14. Bxf3 Nc7 15.
Bd1 Ne6 16. Ne2 g5 17. Bg3 Nh5 18. f3 Nxg3 19. Nxg3 Nd4 20. Qf2 Rd8 21. c5 Qe7
22. Bb3 Rd7 23. Bc4 Rfd8 24. Rfc1 b5 25. cxb6 axb6 26. a4 Bf8 27. b5 Qa3 28.
Qa2 Qxa2 29. Bxa2 cxb5 30. axb5 Bc5 31. Kf1 Ra8 32. Bd5 Ra5 33. Rxc5 bxc5 34.
b6 Rd8 35. b7 Rb5 36. Ra1 Rxd5 37. Ra8+ Kh7 38. exd5 Rxb7 39. Ne4 Kg7 40. Nxc5
Rc7 41. d6 Rxc5 42. d7 Ne6 43. d8=Q Nxd8 44. Rxd8 Rc2 45. Re8 f6 46. h3 h5 47.
g3 Kg6 48. Rf8 h4 49. gxh4 gxh4 50. Rg8+ Kf5 51. Rg4 Rh2 1/2-1/2

[Event "Thanet op 50th"]
[Site "Thanet"]
[Date "2019.08.17"]
[Round "3.1"]
[White "Taylor, Martin R"]
[Black "Anderson, John"]
[Result "1-0"]
[WhiteElo "2345"]
[BlackElo "2163"]
[PlyCount "57"]
[EventDate "2019.08.16"]
[EventType "swiss"]
[EventRounds "5"]
[EventCountry "ENG"]
[SourceTitle "BritBase"]
[Source "John Saunders"]
[SourceDate "2020.02.25"]
[SourceVersion "1"]
[SourceVersionDate "2019.08.17"]
[SourceQuality "1"]

1. d4 d5 2. c4 c6 3. cxd5 cxd5 4. Nc3 Nf6 5. Bf4 Nc6 6. e3 a6 7. Bd3 Bg4 8.
Nge2 Rc8 9. O-O e6 10. h3 Bxe2 11. Qxe2 Bd6 12. Bxd6 Qxd6 13. Rac1 O-O 14. f4
Nd7 15. a3 f5 16. Na4 Kh8 17. Nc5 Nxc5 18. Rxc5 Nb8 19. Rfc1 Rc6 20. Rxc6 Nxc6
21. Bxa6 Nxd4 22. exd4 Qxf4 23. Rd1 bxa6 24. Qxe6 h6 25. Qxd5 Qe3+ 26. Kf1 Rb8
27. Qe5 Qxe5 28. dxe5 Rxb2 29. e6 1-0

[Event "Thanet op 50th"]
[Site "Thanet"]
[Date "2019.08.17"]
[Round "3.3"]
[White "Watson, Mikey J"]
[Black "Woolacott, Samuel"]
[Result "1-0"]
[WhiteElo "1973"]
[BlackElo "1903"]
[PlyCount "45"]
[EventDate "2019.08.16"]
[EventType "swiss"]
[EventRounds "5"]
[EventCountry "ENG"]
[SourceTitle "BritBase"]
[Source "John Saunders"]
[SourceDate "2020.02.25"]
[SourceVersion "1"]
[SourceVersionDate "2019.08.17"]
[SourceQuality "1"]

1. Nf3 Nf6 2. c4 c5 3. g3 Nc6 4. Bg2 g6 5. b3 Bg7 6. Bb2 O-O 7. O-O e6 8. d4
cxd4 9. Nxd4 d5 10. Nd2 Qb6 11. Nxc6 bxc6 12. Rc1 a5 13. Qc2 Ba6 14. e3 Rac8
15. Rfd1 Rfd8 16. c5 Qc7 17. Nf3 Ne4 18. Bxg7 Kxg7 19. Qb2+ Kg8 20. Ne5 Qe7 21.
Bxe4 dxe4 22. Rxd8+ Qxd8 23. Ng4 1-0